[Event "Titled Tue 17th Jun Early"]
[Site "chess.com INT"]
[Date "2025.06.17"]
[Round "7"]
[White "Li, Hui"]
[Black "Lazaro Azcutia, Miguel"]
[Result "1/2-1/2"]
[WhiteTitle "CM"]
[BlackTitle "CM"]
[WhiteElo "2041"]
[BlackElo "2275"]
[WhiteFideId "15400310"]
[BlackFideId "54538254"]
[EventDate "2025.06.17"]

1. e4 e5 2. Nf3 Nc6 3. Bb5 a6 4. Ba4 Nf6 5. O-O b5 6. Bb3 Bc5 7. a4 Rb8 8. c3 d6
9. d4 Bb6 10. Na3 Bg4 11. axb5 axb5 12. Nxb5 O-O 13. Bc2 Bxf3 14. gxf3 Nh5 15.
f4 Nxf4 16. Bxf4 exf4 17. Qg4 Qf6 18. Kh1 g6 19. Rg1 Rfe8 20. Qg5 Kg7 21. Qxf6+
Kxf6 22. Bd3 h6 23. Rg4 g5 24. f3 Ne7 25. Rgg1 Ng6 26. Rge1 Nh4 27. Rf1 Red8 28.
Be2 c5 29. d5 Ng6 30. c4 Ne5 31. b3 Ke7 32. Kg2 Ra8 33. Rfb1 Ba5 34. Kf1 Bb4 35.
Ra4 Rxa4 36. bxa4 Ra8 37. Ra1 Ra5 38. Kf2 Nd7 39. Ra2 Nb6 40. Bd3 Rxa4 41. Rxa4
Nxa4 42. Ke2 Nb2 43. Na7 Bc3 44. Nc6+ Kf6 45. Nb8 Kg7 46. Nc6 f6 47. Nb8 Be5 48.
Nd7 Na4 49. Nb8 Nb6 50. Nc6 Nd7 51. Ne7 Kf7 52. Nf5 h5 53. h3 Nf8 54. Nh6+ Kg6
55. Nf5 Kf7 56. Nh6+ Ke7 57. Nf5+ Kd7 58. Bc2 Ng6 59. Ba4+ Kd8 60. Bc6 Nh4 61.
Nxh4 gxh4 62. Ba4 Ke7 63. Bc6 Kf8 64. Bd7 Kf7 65. Bf5 Bd4 66. Kd3 Be5 67. Be6+
Kg6 68. Bd7 Bd4 69. Be8+ Kg5 70. Bf7 Bf2 71. Ke2 Bd4 72. Kd3 f5 73. exf5 Kxf5
74. Bxh5 Ke5 75. Bg4 Ba1 76. Be6 Bd4 77. Bg4 Ba1 78. Bh5 Bd4 79. Bg6 Ba1 80. Be8
Bd4 81. Bd7 Ba1 82. Bc8 Bd4 83. Bb7 Ba1 84. Bc6 Bd4 85. Ba4 Bg1 86. Bc2 Bd4 87.
Bd1 Ba1 88. Be2 Bd4 89. Bf1 Ba1 90. Be2 Bd4 91. Bd1 Bg1 92. Bc2 Bd4 93. Ba4 Ba1
94. Bd7 Bd4 95. Be8 Ba1 96. Bg6 Bd4 97. Be4 Kf6 98. Kc2 Be3 99. Kd3 Ke5 100. Bh7
Bd4 101. Be4 Ba1 102. Bg6 Bd4 103. Bf7 Ba1 104. Bh5 Bd4 1/2-1/2

[Event "Titled Tue 17th Jun Early"]
[Site "chess.com INT"]
[Date "2025.06.17"]
[Round "8"]
[White "Willim, Michael"]
[Black "Jahnz, Laurin"]
[Result "0-1"]
[WhiteTitle "CM"]
[BlackTitle "CM"]
[WhiteElo "2024"]
[BlackElo "2221"]
[WhiteFideId "4632435"]
[BlackFideId "16261089"]
[EventDate "2025.06.17"]

1. c4 c6 2. Nc3 d5 3. e3 e6 4. Nf3 f5 5. b3 Nf6 6. Bb2 Bd6 7. Be2 O-O 8. Qc2
Nbd7 9. h3 Qe7 10. g4 Ne4 11. d3 Nxc3 12. Qxc3 Bb4 0-1

[Event "Titled Tue 17th Jun Early"]
[Site "chess.com INT"]
[Date "2025.06.17"]
[Round "8"]
[White "Aaradhya Das"]
[Black "Ady, Jonathan J."]
[Result "1-0"]
[WhiteTitle "WCM"]
[BlackTitle "FM"]
[WhiteElo "1786"]
[BlackElo "2355"]
[WhiteFideId "33361436"]
[BlackFideId "6000240"]
[EventDate "2025.06.17"]

1. d4 d5 2. Nf3 Nf6 3. Bf4 c5 4. e3 Nc6 5. c3 Qb6 6. b3 cxd4 7. exd4 Bg4 8. Be2
e6 9. O-O Be7 10. Ne5 Kf8 11. Bxg4 1-0

[Event "Titled Tue 17th Jun Early"]
[Site "chess.com INT"]
[Date "2025.06.17"]
[Round "8"]
[White "Lorans, Sylvain"]
[Black "Loskutova, Viktoriya"]
[Result "0-1"]
[WhiteTitle "CM"]
[BlackTitle "WFM"]
[WhiteElo "2155"]
[BlackElo "2092"]
[WhiteFideId "605794"]
[BlackFideId "34166278"]
[EventDate "2025.06.17"]

1. d4 Nf6 2. c4 g6 3. Nc3 Bg7 4. e4 d6 5. Be2 O-O 6. Be3 Na6 7. g4 c5 8. g5 Ng4
9. Bxg4 Bxg4 10. f3 Bh5 11. Nh3 cxd4 12. Bxd4 Bxf3 0-1

[Event "Titled Tue 17th Jun Early"]
[Site "chess.com INT"]
[Date "2025.06.17"]
[Round "8"]
[White "Shukhman, Anna"]
[Black "Akshit, Kumar J"]
[Result "1-0"]
[WhiteTitle "WGM"]
[BlackTitle "CM"]
[WhiteElo "2413"]
[BlackElo "2074"]
[WhiteFideId "54180058"]
[BlackFideId "25097431"]
[EventDate "2025.06.17"]

1. e4 c6 2. d4 d5 3. e5 c5 4. Nf3 Nc6 5. dxc5 e6 6. Be3 Bxc5 7. Bxc5 Qa5+ 8. b4
Nxb4 9. Bxb4 Qxb4+ 10. Nbd2 f6 11. Rb1 Qf4 12. Bb5+ Kf7 13. g3 Qh6 14. O-O Ne7
15. Nb3 Ng6 16. Re1 a6 17. Bd3 Bd7 18. Nc5 1-0

[Event "Titled Tue 17th Jun Early"]
[Site "chess.com INT"]
[Date "2025.06.17"]
[Round "8"]
[White "Guliev, Gasan"]
[Black "Zebracki, Tomasz"]
[Result "1-0"]
[WhiteTitle "CM"]
[BlackTitle "FM"]
[WhiteElo "2123"]
[BlackElo "2230"]
[WhiteFideId "34165638"]
[BlackFideId "1181521"]
[EventDate "2025.06.17"]

1. Nc3 d5 2. e4 c6 3. Nf3 Bg4 4. h3 Bxf3 5. Qxf3 e6 6. d3 Nd7 7. g3 g6 8. h4 Bg7
9. Bg2 h5 10. Bg5 Qa5 11. O-O f6 12. Bd2 Qb6 13. exd5 exd5 14. Rfe1+ Kf7 15. Bh3
Ne5 16. Rxe5 1-0

[Event "Titled Tue 17th Jun Early"]
[Site "chess.com INT"]
[Date "2025.06.17"]
[Round "8"]
[White "Murawski, Jan"]
[Black "Nezamyatin, Ruslan"]
[Result "1-0"]
[WhiteTitle "CM"]
[BlackTitle "CM"]
[WhiteElo "2164"]
[BlackElo "2070"]
[WhiteFideId "21009287"]
[BlackFideId "24153451"]
[EventDate "2025.06.17"]

1. c4 e5 2. Nc3 Nf6 3. Nf3 Nc6 4. e4 Bc5 5. Nxe5 Bxf2+ 6. Kxf2 Nxe5 7. d4 Neg4+
8. Ke1 d6 9. h3 Nh6 10. Qf3 Qe7 11. Bxh6 gxh6 12. Bd3 Bd7 13. Rf1 Ng8 14. Nd5
Qh4+ 15. g3 Qxh3 16. Qxf7+ Kd8 17. Qg7 c6 18. Rf8+ Be8 19. Qc7# 1-0

[Event "Titled Tue 17th Jun Early"]
[Site "chess.com INT"]
[Date "2025.06.17"]
[Round "8"]
[White "Castillo, Santiago"]
[Black "Ivanov, Andrey A."]
[Result "0-1"]
[BlackTitle "CM"]
[WhiteElo "2163"]
[BlackElo "2120"]
[WhiteFideId "108936"]
[BlackFideId "2514311"]
[EventDate "2025.06.17"]

1. e4 c5 2. Nf3 g6 3. d4 cxd4 4. Nxd4 Bg7 5. Nc3 Nc6 6. Be3 Nf6 7. Bc4 O-O 8.
Bb3 Re8 9. f3 e6 10. Ndb5 d5 11. exd5 exd5 12. Kf2 a6 13. Nd4 Rxe3 14. Nxc6 Qb6
15. Nd4 Ng4+ 16. fxg4 Bxd4 17. Kf1 Qf6+ 0-1

[Event "Titled Tue 17th Jun Early"]
[Site "chess.com INT"]
[Date "2025.06.17"]
[Round "8"]
[White "Emeliantsev, Anatoliy"]
[Black "Gubatayev, Ahmet"]
[Result "0-1"]
[WhiteTitle "FM"]
[BlackTitle "CM"]
[WhiteElo "2359"]
[BlackElo "2191"]
[WhiteFideId "4160681"]
[BlackFideId "14004526"]
[EventDate "2025.06.17"]

1. d4 d5 2. c4 c6 3. Nc3 Nf6 4. Nf3 g6 5. cxd5 cxd5 6. Bf4 Bg7 7. Rc1 O-O 8. h3
Nc6 9. Ne5 Ne4 10. Nxc6 bxc6 11. e3 Qa5 12. Qa4 Qb6 13. Nxe4 dxe4 14. b3 Bb7 15.
Be2 Rfd8 16. O-O Rd5 17. Qa3 Bf8 18. Bc4 e5 19. Qb2 exf4 20. Bxd5 cxd5 21. exf4
Bg7 22. Rc5 Qxc5 0-1

[Event "Titled Tue 17th Jun Early"]
[Site "chess.com INT"]
[Date "2025.06.17"]
[Round "8"]
[White "Shogdzhiev, Roman"]
[Black "Chan, Kim Yew"]
[Result "1-0"]
[WhiteTitle "FM"]
[BlackTitle "FM"]
[WhiteElo "2402"]
[BlackElo "2304"]
[WhiteFideId "55653537"]
[BlackFideId "5717981"]
[EventDate "2025.06.17"]

1. d4 Nf6 2. c4 e5 3. dxe5 Ng4 4. e4 Nxe5 5. f4 Nec6 6. Nc3 Bb4 7. Nf3 d6 8. Bd3
Bg4 9. O-O Bxc3 10. bxc3 Nd7 11. h3 Bxf3 12. Qxf3 Nc5 13. Bc2 O-O 14. Be3 Na5
15. e5 b6 16. f5 dxe5 17. f6 e4 18. Qh5 Nxc4 19. fxg7 Kxg7 20. Bd4+ f6 21. Qg5+
Kh8 22. Rxf6 1-0

[Event "Titled Tue 17th Jun Early"]
[Site "chess.com INT"]
[Date "2025.06.17"]
[Round "8"]
[White "Yelisieiev, Yevhenii"]
[Black "Terron Elena, Francisco M."]
[Result "1-0"]
[WhiteTitle "IM"]
[BlackTitle "FM"]
[WhiteElo "2412"]
[BlackElo "2148"]
[WhiteFideId "14139642"]
[BlackFideId "2210576"]
[EventDate "2025.06.17"]

1. d4 d5 2. c4 dxc4 3. e3 Nf6 4. Bxc4 e6 5. Nf3 a6 6. O-O c5 7. dxc5 Qc7 8. a3
Bxc5 9. Be2 b5 10. b4 Be7 11. Bb2 Bb7 12. Nbd2 O-O 13. Rc1 Qd8 14. Nb3 Qxd1 15.
Rfxd1 Bd5 16. Nc5 Rd8 17. Ne5 Nbd7 18. Nexd7 Nxd7 19. Nxd7 Rxd7 20. e4 Bc6 21.
Rxc6 Rxd1+ 22. Bxd1 Rd8 23. Bf3 Rd2 24. Rc8+ Bf8 25. Be5 1-0

[Event "Titled Tue 17th Jun Early"]
[Site "chess.com INT"]
[Date "2025.06.17"]
[Round "8"]
[White "Danila, Tudor-Gabriel"]
[Black "Olhovik, Andrei"]
[Result "0-1"]
[WhiteTitle "CM"]
[BlackTitle "FM"]
[WhiteElo "2178"]
[BlackElo "2282"]
[WhiteFideId "1274244"]
[BlackFideId "13507397"]
[EventDate "2025.06.17"]

1. e4 c5 2. c3 Nf6 3. e5 Nd5 4. d4 cxd4 5. Nf3 e6 6. cxd4 b6 7. Bd2 Bb7 8. Nc3
Be7 9. Bd3 O-O 10. h4 f5 11. exf6 Nxf6 12. h5 Nc6 13. Qe2 Nb4 14. O-O-O Nxd3+
15. Qxd3 Rc8 16. Kb1 Bb4 17. Rde1 Nd5 18. Nxd5 Bxd2 19. Nxd2 Bxd5 20. f3 Qg5 21.
g4 h6 22. Rhf1 Qf4 23. Ne4 Bc4 24. Qa3 Bxf1 25. Rxf1 Qxe4+ 0-1

[Event "Titled Tue 17th Jun Early"]
[Site "chess.com INT"]
[Date "2025.06.17"]
[Round "8"]
[White "Bogdanov, Artyom"]
[Black "Mihajlovskij, Sergei"]
[Result "1-0"]
[WhiteTitle "FM"]
[WhiteElo "2370"]
[BlackElo "2292"]
[WhiteFideId "13749200"]
[BlackFideId "13500805"]
[EventDate "2025.06.17"]

1. e4 c5 2. b3 Nf6 3. e5 Nd5 4. Bb2 Nc6 5. Nf3 d6 6. c4 Nf4 7. g3 Ng6 8. exd6
Qxd6 9. Bg2 e5 10. Nc3 Be7 11. h3 O-O 12. d3 f6 13. Nd2 Be6 14. Nd5 Rfd8 15. Ne4
Qd7 16. Nec3 Bf8 17. a3 Nge7 18. b4 Nd4 19. bxc5 Nec6 20. Ne4 h6 21. Nexf6+ gxf6
22. Nxf6+ Kg7 23. Nxd7 Rxd7 24. O-O Bxc5 25. Qh5 Bf7 26. Qg4+ 1-0

[Event "Titled Tue 17th Jun Early"]
[Site "chess.com INT"]
[Date "2025.06.17"]
[Round "8"]
[White "Moksh, Amit Doshi"]
[Black "Lazavik, Denis"]
[Result "0-1"]
[WhiteTitle "IM"]
[BlackTitle "GM"]
[WhiteElo "2366"]
[BlackElo "2580"]
[WhiteFideId "25064967"]
[BlackFideId "13515110"]
[EventDate "2025.06.17"]

1. d4 Nf6 2. c4 g6 3. g3 Bg7 4. Bg2 O-O 5. Nc3 d6 6. Nf3 c6 7. O-O Bf5 8. Ng5 e5
9. e4 Bg4 10. f3 Bc8 11. Be3 Nbd7 12. Qd2 Qe7 13. Rad1 exd4 14. Qxd4 Nb6 15. Qd3
Nfd7 16. b3 Nc5 17. Qc2 f5 18. Nh3 fxe4 19. Bxc5 dxc5 20. Nxe4 Bf5 21. Kh1 Rad8
22. Nhf2 Bd4 23. Rde1 Qg7 24. g4 Bc8 25. Nd3 Nd7 26. Ng5 Nf6 27. Ne6 Bxe6 28.
Rxe6 Rde8 29. Qe2 Qf7 30. Re1 Bc3 31. Nxc5 Bxe1 32. Qxe1 b6 0-1

[Event "Titled Tue 17th Jun Early"]
[Site "chess.com INT"]
[Date "2025.06.17"]
[Round "8"]
[White "Matinian, Nikita"]
[Black "Lisenkov, Svyatoslav"]
[Result "1-0"]
[WhiteTitle "GM"]
[BlackTitle "CM"]
[WhiteElo "2421"]
[BlackElo "2283"]
[WhiteFideId "24129100"]
[BlackFideId "34264183"]
[EventDate "2025.06.17"]

1. e4 c5 2. Nf3 d6 3. d4 cxd4 4. Nxd4 Nf6 5. Nc3 a6 6. h3 e5 7. Nde2 h5 8. Bg5
Be6 9. g3 Be7 10. Bg2 Nbd7 11. O-O b5 12. f4 b4 13. Nd5 Bxd5 14. exd5 O-O 15.
fxe5 Nxe5 16. Nd4 Nxd5 17. Bxe7 Nxe7 18. Bxa8 Qxa8 19. Qxh5 Qe4 20. Rad1 Nd5 21.
Nf5 g6 22. Qg5 f6 23. Qd2 Nf3+ 24. Rxf3 Qxf3 25. Qxd5+ Qxd5 26. Ne7+ 1-0

[Event "Titled Tue 17th Jun Early"]
[Site "chess.com INT"]
[Date "2025.06.17"]
[Round "8"]
[White "Sorokin, Aleksey"]
[Black "Seder, Mohammed"]
[Result "1-0"]
[WhiteTitle "GM"]
[BlackTitle "FM"]
[WhiteElo "2530"]
[BlackElo "2075"]
[WhiteFideId "24176460"]
[BlackFideId "11505567"]
[EventDate "2025.06.17"]

1. d4 e6 2. c4 f5 3. Nf3 Nf6 4. g3 d5 5. Bg2 Be7 6. O-O O-O 7. b3 a5 8. Ba3 Bxa3
9. Nxa3 Ne4 10. Nc2 c6 11. Nce1 Bd7 12. Nd3 Be8 13. Nf4 Qe7 14. Ne5 Nd7 15. Nxd7
Qxd7 16. Qc2 a4 17. bxa4 dxc4 18. Bxe4 fxe4 19. Qxc4 Bf7 20. Qb4 c5 21. Qxc5
Rxa4 22. e3 Rc8 23. Qe5 Rca8 24. Rfc1 Rc8 25. Qxe4 Rxc1+ 26. Rxc1 Rxa2 27. Qe5
b5 28. Qb8+ Be8 29. Rc7 Ra1+ 30. Kg2 Ra8 31. Qxa8 Qxc7 32. Qxe8# 1-0

[Event "Titled Tue 17th Jun Early"]
[Site "chess.com INT"]
[Date "2025.06.17"]
[Round "8"]
[White "Gurel, Ediz"]
[Black "Mayank, Chakraborty"]
[Result "1-0"]
[WhiteTitle "GM"]
[BlackTitle "IM"]
[WhiteElo "2636"]
[BlackElo "2457"]
[WhiteFideId "44507356"]
[BlackFideId "25659766"]
[EventDate "2025.06.17"]

1. Nf3 d5 2. b3 c5 3. e3 Nf6 4. Bb2 e6 5. Be2 Nc6 6. O-O Bd6 7. d4 O-O 8. Nbd2
b6 9. c4 Bb7 10. dxc5 Bxc5 11. cxd5 Nxd5 12. a3 Be7 13. b4 Bf6 14. Qb3 Rc8 15.
Rac1 Bxb2 16. Qxb2 Qf6 17. Qb3 Nce7 18. Ne4 Qh6 19. Nd6 Rxc1 20. Rxc1 Ba8 21.
Bf1 Nf6 22. Ne5 Bd5 23. Qa4 Ng6 24. Nexf7 Rxf7 25. Nxf7 Kxf7 26. Qxa7+ Ne7 27.
Rc7 Ng8 28. Qxb6 Qg5 29. Qc5 Nh6 30. e4 Ng4 31. exd5 e5 32. d6 1-0

[Event "Titled Tue 17th Jun Early"]
[Site "chess.com INT"]
[Date "2025.06.17"]
[Round "8"]
[White "Chan, Mark"]
[Black "Purushothaman, Thirumalai"]
[Result "1-0"]
[WhiteTitle "FM"]
[BlackTitle "FM"]
[WhiteElo "2179"]
[BlackElo "2027"]
[WhiteFideId "5800560"]
[BlackFideId "5012791"]
[EventDate "2025.06.17"]

1. c4 e6 2. g3 Nf6 3. Bg2 d5 4. cxd5 exd5 5. d4 Be7 6. Nf3 O-O 7. O-O Bf5 8. Qb3
b6 9. Nc3 Nc6 10. Be3 Na5 11. Qa4 Nc4 12. Bc1 a6 13. Ne5 b5 14. Qd1 b4 15. Nxd5
Nxd5 16. Nc6 Qd7 17. Bxd5 Nb6 18. Nxe7+ Qxe7 19. Bxa8 Rxa8 20. f3 Rd8 21. e4 Bg6
22. Be3 c5 23. d5 Nc4 24. Qe2 Ne5 25. Rac1 c4 26. Bd4 1-0

[Event "Titled Tue 17th Jun Early"]
[Site "chess.com INT"]
[Date "2025.06.17"]
[Round "8"]
[White "Harshit, Ranjan Sahu"]
[Black "Jakubowski, Krzysztof"]
[Result "0-1"]
[WhiteTitle "CM"]
[BlackTitle "GM"]
[WhiteElo "2191"]
[BlackElo "2448"]
[WhiteFideId "25638815"]
[BlackFideId "1112848"]
[EventDate "2025.06.17"]

1. e4 c6 2. d4 d5 3. exd5 cxd5 4. Bd3 Nc6 5. c3 Nf6 6. Bf4 Bg4 7. Qb3 Qd7 8. h3
Bh5 9. Ne2 e6 10. O-O Bd6 11. Bxd6 Qxd6 12. Qxb7 Rb8 13. Qa6 O-O 14. b4 Ne4 15.
Bxe4 dxe4 16. Nd2 f5 17. Nc4 Bxe2 18. Rfe1 Bxc4 19. Qxc4 Ne7 20. Qb3 Nd5 21. a3
Nf4 22. c4 Qxd4 23. c5 Qd5 24. Qe3 Nd3 25. Red1 f4 26. Qe2 f3 27. gxf3 Rxf3 28.
Kh1 Rbf8 29. Rac1 Rxh3+ 30. Kg2 Rhf3 31. Kg1 Qg5+ 0-1

[Event "Titled Tue 17th Jun Early"]
[Site "chess.com INT"]
[Date "2025.06.17"]
[Round "8"]
[White "Zmijanac, Dusko"]
[Black "Zeliantsova, Kseniya"]
[Result "1-0"]
[WhiteTitle "FM"]
[BlackTitle "WFM"]
[WhiteElo "2007"]
[BlackElo "2062"]
[WhiteFideId "908762"]
[BlackFideId "13512617"]
[EventDate "2025.06.17"]

1. d4 Nf6 2. Bg5 Ne4 3. Bf4 g6 4. f3 Nf6 5. e4 d6 6. Nc3 Bg7 7. Qd2 O-O 8. O-O-O
c6 9. Bh6 b5 10. h4 b4 11. Nce2 Qa5 12. Kb1 e5 13. h5 Be6 14. Nc1 exd4 15. Bxg7
Kxg7 16. hxg6 fxg6 17. Qxd4 d5 18. g4 c5 19. Qe3 Rf7 20. Qh6+ Kg8 21. e5 Nfd7
22. f4 Bxg4 23. Rxd5 Be6 24. Bc4 Nf8 25. Nf3 Nc6 26. Ng5 Re7 27. Nxe6 Nxe6 28.
f5 Qc7 29. fxe6 Na5 30. Rd7 1-0

[Event "Titled Tue 17th Jun Early"]
[Site "chess.com INT"]
[Date "2025.06.17"]
[Round "8"]
[White "Mekhitarian, Krikor Sevag"]
[Black "Tang, Andrew"]
[Result "0-1"]
[WhiteTitle "GM"]
[BlackTitle "GM"]
[WhiteElo "2564"]
[BlackElo "2529"]
[WhiteFideId "2107660"]
[BlackFideId "2059630"]
[EventDate "2025.06.17"]

1. Nf3 d5 2. c4 e6 3. d4 Nf6 4. Nc3 Be7 5. cxd5 exd5 6. Bf4 c6 7. h3 Bf5 8. e3
Nbd7 9. Nh4 Be4 10. Be2 h6 11. Nxe4 dxe4 12. O-O g5 13. Bg3 gxh4 14. Bxh4 Nd5
15. Bg3 Rg8 16. Qb3 Qb6 17. Bh2 Qxb3 18. axb3 a6 19. Bg4 N7f6 20. Bf5 Bb4 21. g4
Ke7 22. Kh1 Bd6 23. Rae1 Bxh2 24. Kxh2 h5 25. f3 exf3 26. e4 Nc7 27. e5 Nfd5 28.
Rxf3 hxg4 29. Bxg4 Ne6 30. Ref1 Rg7 31. Bh5 Rf8 0-1

[Event "Titled Tue 17th Jun Early"]
[Site "chess.com INT"]
[Date "2025.06.17"]
[Round "8"]
[White "Preobrazhenskaya, Diana"]
[Black "Sharapov, Yevhen"]
[Result "1-0"]
[WhiteTitle "WFM"]
[BlackTitle "GM"]
[WhiteElo "2005"]
[BlackElo "2375"]
[WhiteFideId "34270566"]
[BlackFideId "14103133"]
[EventDate "2025.06.17"]

1. e4 c5 2. Nf3 d6 3. d4 cxd4 4. Nxd4 Nf6 5. Nc3 Nc6 6. Bg5 e6 7. Qd3 Be7 8.
O-O-O Nxd4 9. Qxd4 O-O 10. f4 Qa5 11. Kb1 Rd8 12. Bd3 h6 13. Bh4 Qc5 14. Qxc5
dxc5 15. e5 Nd5 16. Bxe7 Nxe7 17. Bh7+ Kxh7 18. Rxd8 Nc6 19. Rf8 Kg6 20. Ne4 b6
21. Nd6 Bb7 22. Rxf7 Ba6 23. g4 Rd8 24. f5+ Kg5 25. Rxg7+ Kf4 26. fxe6 Kxe5 27.
Nf7+ Kxe6 28. Nxd8+ Nxd8 29. Rxa7 Bb5 30. Re1+ Kf6 31. a4 Bc6 32. Ree7 Ne6 33.
Rxe6+ Kxe6 34. Rh7 Bxa4 35. Rxh6+ Ke5 36. Rxb6 Bd7 37. g5 1-0

[Event "Titled Tue 17th Jun Early"]
[Site "chess.com INT"]
[Date "2025.06.17"]
[Round "8"]
[White "Tristan, Leonardo"]
[Black "Tsydypov, Zhamsaran"]
[Result "0-1"]
[WhiteTitle "GM"]
[BlackTitle "GM"]
[WhiteElo "2536"]
[BlackElo "2514"]
[WhiteFideId "113816"]
[BlackFideId "4108566"]
[EventDate "2025.06.17"]

1. d4 Nf6 2. Nf3 c5 3. c3 b6 4. dxc5 bxc5 5. e4 e6 6. e5 Nd5 7. Nbd2 Nc6 8. Nc4
Bb7 9. Bd3 Be7 10. h4 h6 11. Qe2 Qc7 12. h5 f5 13. exf6 Bxf6 14. Bg6+ Kf8 15. g3
Nxc3 16. bxc3 Bxc3+ 17. Bd2 Bxa1 18. Bf4 Bc3+ 19. Kf1 e5 20. Rh4 exf4 21. Rxf4+
Bf6 22. Qb2 Kg8 23. Qb3 d5 24. Ne3 Ne7 25. Be4 c4 26. Bxd5+ Nxd5 27. Nxd5 0-1

[Event "Titled Tue 17th Jun Early"]
[Site "chess.com INT"]
[Date "2025.06.17"]
[Round "8"]
[White "Newansa, M Esandi"]
[Black "Garcia Molina, Jose"]
[Result "0-1"]
[WhiteTitle "WCM"]
[BlackTitle "FM"]
[WhiteElo "1945"]
[BlackElo "2156"]
[WhiteFideId "9999060"]
[BlackFideId "32030592"]
[EventDate "2025.06.17"]

1. d4 g6 2. e4 Bg7 3. Nc3 c6 4. Nf3 d5 5. Be3 dxe4 6. Nxe4 Nf6 7. Nxf6+ exf6 8.
Bc4 O-O 9. O-O a5 10. c3 Na6 11. d5 cxd5 12. Bxd5 Nc7 13. Bb3 Bg4 14. Bb6 Qxd1
15. Bxd1 Ne6 16. h3 Bf5 17. Nd4 Nxd4 18. Bxd4 Rfe8 19. Bf3 Be4 20. Bxe4 Rxe4 21.
Be3 a4 22. Rad1 a3 23. b3 f5 24. Rd3 f4 25. Bd2 Re2 26. Re1 Rxd2 27. Rxd2 Bxc3
28. Red1 Bxd2 29. Rxd2 Rc8 30. Kf1 Kg7 31. Ke2 Rc1 32. Kd3 Rg1 33. f3 Rb1 34.
Kc3 Kf6 35. Kb4 Rb2 36. Kc3 Rxd2 37. Kxd2 Ke5 38. Kd3 Kd5 39. Kc3 g5 40. Kd3 h5
41. Kc3 f5 42. Kd3 g4 43. hxg4 fxg4 44. Ke2 Kd4 45. Kd2 gxf3 46. gxf3 h4 47. Ke2
Kc3 0-1

[Event "Titled Tue 17th Jun Early"]
[Site "chess.com INT"]
[Date "2025.06.17"]
[Round "8"]
[White "Gholami Orimi, Mahdi"]
[Black "Svane, Rasmus"]
[Result "1-0"]
[WhiteTitle "GM"]
[BlackTitle "GM"]
[WhiteElo "2511"]
[BlackElo "2626"]
[WhiteFideId "12558486"]
[BlackFideId "4657101"]
[EventDate "2025.06.17"]

1. d4 d5 2. c4 e6 3. Nf3 a6 4. cxd5 exd5 5. Nc3 Nf6 6. g3 c6 7. Bg2 Bd6 8. O-O
O-O 9. Bf4 Re8 10. Bxd6 Qxd6 11. Ne5 Bf5 12. Rc1 Nbd7 13. f4 Rac8 14. e3 Qe6 15.
Bf3 h5 16. Bxh5 Nxh5 17. Qxh5 f6 18. g4 Bh7 19. Nxd7 Qxd7 20. Rf3 Qf7 21. Qh4
Be4 22. Rh3 Qg6 23. Kf2 Kf7 24. f5 Qg5 25. Qxg5 fxg5 26. Rh5 Kf6 27. h4 gxh4 28.
Rxh4 g6 29. Rh6 Rg8 30. Nxe4+ dxe4 31. Rc5 Rce8 32. Kg3 Kg5 33. Rh7 b6 34. Rxc6
gxf5 35. Rh5# 1-0

[Event "Titled Tue 17th Jun Early"]
[Site "chess.com INT"]
[Date "2025.06.17"]
[Round "8"]
[White "Montano Vicente, Guadalupe"]
[Black "Lyutsinger, Iren"]
[Result "1-0"]
[BlackTitle "FM"]
[WhiteElo "1938"]
[BlackElo "2261"]
[WhiteFideId "5181399"]
[BlackFideId "34425969"]
[EventDate "2025.06.17"]

1. d4 d5 2. c4 dxc4 3. e4 e5 4. Nf3 exd4 5. Bxc4 Nf6 6. O-O Be7 7. e5 Nd5 8.
Qxd4 Be6 9. Rd1 c6 10. Nbd2 Nd7 11. Ne4 O-O 12. Neg5 Qb6 13. Nxe6 fxe6 14. Qxb6
N7xb6 15. Bb3 a5 16. Bg5 Bxg5 17. Nxg5 Rf5 18. Nf3 a4 19. Bc2 Rf7 20. Ng5 Re7
21. Bxh7+ Kh8 22. Be4 g6 23. Rd3 Kg7 24. Rg3 Nc4 25. Nf3 Nf4 26. Rg4 Rf8 27. g3
Nh5 28. Bxg6 Rxf3 29. Bxh5+ Kh6 30. Rh4 Nxe5 31. Bxf3+ Kg5 32. Be2 1-0

[Event "Titled Tue 17th Jun Early"]
[Site "chess.com INT"]
[Date "2025.06.17"]
[Round "8"]
[White "Deng, Henry"]
[Black "Kezin, Roman"]
[Result "0-1"]
[WhiteTitle "FM"]
[BlackTitle "IM"]
[WhiteElo "2327"]
[BlackElo "2471"]
[WhiteFideId "30965454"]
[BlackFideId "24124621"]
[EventDate "2025.06.17"]

1. b3 c5 2. Bb2 Nc6 3. e3 e5 4. Nf3 e4 5. Ne5 Nf6 6. Nxc6 dxc6 7. d3 h5 8. Nc3
Bg4 9. Be2 Qe7 10. h3 Bf5 11. Nxe4 Nxe4 12. dxe4 Bxe4 13. Bf3 Rh6 14. Bxe4 Qxe4
15. Qd3 Qxg2 16. O-O-O Rd6 17. Qf5 Rd5 18. Rxd5 Qxd5 19. Qe5+ Qxe5 20. Bxe5 Rd8
21. Rd1 Rxd1+ 22. Kxd1 Kd7 23. Ke2 Ke6 24. Bb8 a6 25. Bc7 g5 26. Bd8 Be7 27. Bc7
f5 28. f3 g4 29. fxg4 fxg4 30. hxg4 hxg4 31. Kf2 Bd6 32. Bxd6 Kxd6 33. Kg3 Ke5
34. Kxg4 Ke4 35. c4 Kxe3 36. Kf5 Kd4 37. Ke6 b5 38. Kd6 bxc4 39. bxc4 Kxc4 0-1